Champions League Top Scorers of the 5 Latest Seasons (19/20) - Statistics

General Stats
  • This quiz has been taken 126 times
  • The average score is 15 of 21
Answer Stats
# 15/16 16/17 17/18 18/19 19/20 Player % Correct
53 16 12 15 6 4 Cristiano Ronaldo
100%
38 6 11 6 12 3 Lionel Messi
100%
45 9 8 5 8 15 Robert Lewandowski
96%
21 3 4 6 5 3 Neymar
93%
19 0 6 4 4 5 Kylian Mbappé
91%
23 4 5 5 4 5 Karim Benzema
90%
18 8 3 1 1 5 Luis Suárez
89%
20 1 0 10 5 4 Mohamed Salah
86%
19 2 5 4 6 2 Sergio Agüero
84%
16 0 0 10 4 2 Sadio Mané
83%
20 2 8 7 2 1 Edinson Cavani
76%
15 0 0 10 4 1 Roberto Firmino
75%
18 8 3 3 0 4 Thomas Müller
74%
21 7 6 2 4 2 Antoine Griezmann
70%
20 0 2 7 5 6 Harry Kane
69%
20 3 2 4 5 6 Raheem Sterling
56%
14 0 1 4 4 5 Son Heung-min
51%
14 1 4 1 5 3 Paulo Dybala
49%
14 0 0 4 4 6 Gabriel Jesus
27%
15 2 0 8 5 0 Edin Džeko
25%
16 0 5 2 3 6 Dries Mertens
18%
No matching quizzes found
Score Distribution
Percent of People with Each Score
Percentile by Number Answered
Your Score History
You have not taken this quiz